| 000 | 00961nam a2200241Ia 4500 | ||
|---|---|---|---|
| 003 | OSt | ||
| 005 | 20221005111759.0 | ||
| 006 | a|||||r|||| 00| 0 | ||
| 007 | ta | ||
| 008 | 221004b |||||||| |||| 00| 0 hin d | ||
| 024 | _a101168 | ||
| 037 | _cTextual | ||
| 040 |
_aCRL _cCRL _bhin |
||
| 041 |
_2hin _ahin |
||
| 082 | _aP15, N9.2 | ||
| 100 | _aविद्यालंकार, निरूपण, संपा. | ||
| 245 | 0 | _aसंस्कृत शोध प्रबन्ध परिचायिका | |
| 246 | _aSanskṛut shodh prabandha parichāyikā | ||
| 260 |
_aमेरठ _bमेरठ विश्वविद्यालय संस्कृत अध्यापक परिषद् भारत _c1999 |
||
| 490 |
_vभाग 2 _aदशाब्दि - समारोह |
||
| 942 |
_hP15, N9.2 _cTEXL _2cc |
||
| 999 |
_c1022879 _d1022879 |
||